My first thesaurus

Bibliographic Details
Format: Book
Published: London : Kingfisher , 2010
Subjects:

MARC

LEADER 00000cam a2200000 7i4500
001 0000279390
005 20210129163221.0
020 |a 9780753443491 
090 0 0 |a 423.12   |b MYF 
245 0 0 |a My first thesaurus 
260 |a London :   |b Kingfisher ,   |c 2010 
300 |a 144p. :   |b col.,ill. ;   |c 28cm. 
650 0 |a English language   |x Synonyms and antonyms   |v Dictionaries, Juvenile 
999 |a 00383984   |b BUKU   |c JUNIOR BOOKS   |e PERPUSTAKAAN KOMUNITI PETALING JAYA